000 01472nam0a2200337 4500
001 RU\NLR\bibl\1066360
005 20260406121547.0
010 _a978-5-358-02092-4
_93000
021 _aRU
_b2007-8613
_9456
035 _a(NLR Aleph) 001053612
090 _a894176
_c894176
100 _a20070330d2007 |||y0rusy50 ca
101 0 _arus
102 _aRU
105 _aa |||||||||
200 1 _aМы
_eанализ текста. Основное содержание. Сочинения
_fЕ. И. Замятин
205 _a7-е изд., стер.
210 _aМосква
_cДрофа
_d2007
215 _a92,[2] с.
_cил.
_d20
225 1 _aШкольная программа
320 _aБиблиогр.: с. 91-92
604 _1700#1$aЗамятин$gЕвгений Иванович$bЕ. И.$f1884 - 1937
_150010$a"Мы"$jУчебные издания для средней школы$2nlr_sh2$3RU\NLR\AUTH\66428425
_aЗамятин, Евгений Иванович (1884 - 1937)
_t"Мы"
_jУчебные издания для средней школы
_91091773
_3RU\NLR\AUTH\66428425
686 _aШ5(2=Р)53-4Замятин
686 _aЧ426.21,6(2)317.8-Замятин
700 1 _4070
_8rus
_7ca
_aЗамятин
_bЕ.И.
_f1884-1937
_gЕвгений Иванович
_3RU\NLR\auth\77571
_9110617
801 0 _aRU
_bNLR
_c20070330
_gRCR
801 1 _aRU
_bNLR
_c20070330
942 _cBOOK
980 _aNB